000 00633nam a22001937a 4500
999 _c9909
_d9909
003 AR-CdUCM
008 190328b ||||| |||| 00| 0 spa d
040 _aMUNICIPALIDAD PROVINCIAL DEL CUSCO
_cBIBLIOTECA MUNICIPAL DEL CUSCO
082 _a910.285 /
_bV19 / 1943
100 _aValdivia Dávila, Victor
_926444
245 _aEl Perú Turístico :
_bLima, Arequipa, Cuzco, Puno /
260 _aLima :
_bRimac ;
_c1943.
300 _a206 páginas ;
_bFotografías b/n
_c24cm
_eCroquis de Cusco
505 _aContenido: Turismo
650 _aCiudades turísticas
_926445
650 _aPerú
_935
942 _2ddc
_cLIBROS
945 _anom